00863nam a2200217 a 450000100100000000500170001000800410002704000250006808200200009310000310011324500730014426000270021730000200024459000260026465000280029065000310031891000370034995201180038695201240050499900170062800001752520240412074247.0100326s19uu dr 000 p spa d aDO-SdBNPbspacBNPHU aRD861.44bM181s1 aMadera Ruiz, Osiris93827110aSusurro para las hojas :bdemencias líricas /cOsiris Madera Ruiz. a[s.l. :bs.n.,cs.a.]. a58 p. ;c19 cm. aInventariado, 2018/LP 0aPoesía dominicana966 0aLiteratura dominicana.967 aValidado. Control de calidad EMS 0010718PDaPDbPDcHDd2010-03-26iLF1l0oRD861.44 M181sp17525-10r2020-06-25w2020-06-25yLFPDZNo se presta 0010718PDaPDbPDcHDd2015-05-25iLF1l0oRD861.44 M181sp17525-20r2020-06-25te. 2w2020-06-25yLFPDZNo se presta c17050d17050